TOP 5 Ligue 1 depuis 04/05 - Statistiques

Statistiques générales
  • Ce quiz a été pris 129 fois
    126 depuis la dernière actualisation
  • Le résultat moyen est 100 sur 105
Statistiques - réponses
Hint Réponse % Correct
1 | 2 | 3 Monaco
100%
1 | 2 | 4 PSG
100%
2 | 4 | 5 Lens
99%
1 | 2 | 3 | +2 others Lille
99%
3 | 4 | 5 Nice
97%
4 NIce
97%
1 | 2 | 3 | +2 others OM
97%
3 | 4 | 5 Rennes
97%
1 | 2 | 5 Bordeaux
96%
1 | 2 | 3 | +2 others OL
96%
4 | 5 Saint-étienne
91%
1 | 5 Montpellier
88%
3 Brest
83%
3 | 4 Toulouse
80%
3 Auxerre
73%
4 Nancy
57%
5 Sochaux
44%
Aucun quiz correspondant
Distribution des résultats
% des personnes avec chaque résultat
Percentile par nombre de réponses
Votre historique - résultats
Vous n’avez pas pris ce quiz depuis la dernière actualisation